• 首页
  • 本馆介绍
  • 公告通知
  • 最新文献
  • 馆藏检索
  • 电子资源
  • 读者导购
  • 参考咨询
  • 我的图书馆
  • 登录
  • 详细信息显示
  • 放入我的书架
  • 预约/预借图书
  • 作者相关作品
  • 分类相关作品
  • 丛书相关作品
  • 出版社相关作品

书目信息

  • 表格格式
  • 工作单格式
  • 卡片格式
题名:
AutoCAD辅助园林制图
    
 
作者: 徐峰 主编
分册:  
出版信息: 北京   化学工业出版社  2013.01
页数: 183页
开本: 26cm
丛书名: 园林设计师书系
单 册:
中图分类: TU986.2-39
科图分类:
主题词: 园林设计--计算机辅助设计--AutoCAD软件
电子资源:
ISBN: 978-7-122-14715-8
000 00978oam2 2200265 45
001 1355688671
005 20130515174113.32
010    @a978-7-122-14715-8@dCNY29.90
100    @a20130108d2013 em y0chiy0121 ea
101 0  @achi
102    @aCN@b110000
105    @ay z 000yy
106    @ar
200 1  @aAutoCAD辅助园林制图@AAutoCAD Fu Zhu Yuan Lin Zhi Tu@f徐峰主编@FXu Feng Zhu Bian
205    @a2版
210    @a北京@c化学工业出版社@d2013.01
215    @a183页@d26cm
225 2  @a园林设计师书系
330    @a本书以AutoCAD为主创工具,讲解了园林制图的过程及相关注意事项,书中介绍了AutoCAD软件的基本情况、绘制园林图前的准备、二维绘图的基本功能、图形的编辑修改、图块及图像信息的获取、文字表格与标注、创建布局与打印和大量实例分析等内容。
461  0 @12001 @a园林设计师书系
606 0  @a园林设计@x计算机辅助设计@xAutoCAD软件
690    @aTU986.2-39@v5
701  0 @a徐峰@AXu Feng@4主编
801    @aCN@bTANGWEI@c20130112
905    @b0831567-71@dTU986.2-39@e624=2@f5
    
    AutoCAD辅助园林制图/徐峰主编.-2版.-北京:化学工业出版社,2013.01
    183页;26cm.-(园林设计师书系)
    
    
    ISBN 978-7-122-14715-8:CNY29.90
    本书以AutoCAD为主创工具,讲解了园林制图的过程及相关注意事项,书中介绍了AutoCAD软件的基本情况、绘制园林图前的准备、二维绘图的基本功能、图形的编辑修改、图块及图像信息的获取、文字表格与标注、创建布局与打印和大量实例分析等内容。
●
相关链接 在E读中查询图书 在五车中查询图书 在当当中查询图书 在豆瓣中查询图书


正题名:AutoCAD辅助园林制图     索取号:TU986.2-39/624=2         预约/预借

序号 登录号 条形码 馆藏地/架位号 状态 备注
1 0831567   208315679   第二样本阅览室/ [索取号:TU986.2-39/624=2] 在馆    
2 0831568   208315688   第三借阅区/ [索取号:TU986.2-39/624=2] 在馆    
3 0831569   208315697   第三借阅区/ [索取号:TU986.2-39/624=2] 在馆    
4 0831570   208315704   第三借阅区/ [索取号:TU986.2-39/624=2] 在馆    
5 0831571   208315713   第三借阅区/ [索取号:TU986.2-39/624=2] 在馆    
唐山师范学院图书馆 欢迎您!
大连网信软件有限公司© 版权所有